00328nam a2200133Ia 4500003000400000008004100004082001700045100001900062245005000081250000800131260003800139300000900177650000800186OSt191201s2012 xx 000 0 und d a658.15 bHIM aHIRSCHEY, Mark 0aManagerial Economics: An Integrative Approach aRep aNew DelhibCangage learningc2012 a1067 aMBA